|
|
|
|
| LEADER |
00000nas a22000007a 4500 |
| 003 |
Ucuenca |
| 005 |
20230308225516.0 |
| 008 |
171117b2012 ec ||||| |||| 00| 0 spa d |
| 022 |
|
|
|a 13903276
|
| 040 |
|
|
|b spa
|
| 041 |
0 |
|
|a spa
|
| 082 |
0 |
|
|a 705
|b R868an
|
| 245 |
|
|
|a Anaconda: cultura y arte
|c Macshori Ruales, editora
|h imp
|b revista internacional
|
| 264 |
|
|
|a Quito
|b Macshori Ruales
|c 2012
|
| 300 |
|
|
|a 102 páginas:
|b ilu
|c 26 cm
|
| 310 |
|
|
|a bime
|
| 362 |
|
|
|a vol. 37 (junio 2012)
|
| 500 |
|
|
|a Edición especial de fotografía
|
| 650 |
|
|
|9 214257
|a Anaconda 37
|
| 650 |
|
0 |
|a Revista de Ciencias Sociales
|9 383
|
| 700 |
1 |
|
|a Ruales, Macshori
|e editora
|9 212849
|
| 942 |
|
|
|c SER
|z diana.leon@ucuenca.edu.ec
|
| 999 |
|
|
|c 152904
|d 152904
|